000 01052nam a22002417a 4500
003 OSt
005 20250912162344.0
008 240208b ||||| |||| 00| 0 eng d
040 _c0
082 _aDPer 621.381 In821 April 2022 v. 37 n. 4
100 _aJiang, Siyuan.
_eauthor.
_952087
245 _aFault-tolerant system design for doubly salient electromagnetic machine under loss of excitation /
_cSiyuan Jiang, Bo Zhou, Xuzhen Huang, Lei Xiong, Jiadan Wei, and Kaifang Zhou.
260 _aNew York ;
_bThe Institute of Electrical and Electronics Engineers, Inc. ,
_cApril 2022.
300 _avolume 37, pages 4589-4599 :
_billustration ;
_c28 cm.
500 _aIEEE Transaction on Power Electronics, vol. 37, no. 4, pages 4589-4599, April 2022.
700 _aJiang, Siyuan.
_eauthor.
_952087
700 _aZhou, Bo.
_eauthor.
_952088
700 _aHuang, Xuzhen.
_eauthor.
_952089
700 _aXiong, Lei.
_eauthor.Jiadan Wei,
_952090
700 _aWei, Jiadan.
_eauthor.
_952091
700 _aZhou, Kaifang.
_eauthor.
_952092
942 _2ddc
_cPER
999 _c19058
_d19058